00331nam a2200133Ia 4500003000400000008004100004020002600045040000800071100001900079245004100098260003700139300001000176365001100186LDD181029s9999 xx 000 0 und d a9788175332355c995.00 cLDD aSaheed, Suhial 0aIslam empire of faithcSuhial Saheed aNew DelhibMD Publicationsc2010 a288p. b995.00